| 000 | 00000nas 2200000zi 4500 |
| 001 | 9.911984 |
| 003 | CaOODSP |
| 005 | 20221107182450 |
| 006 | m o d f |
| 007 | cr cn||||||||| |
| 008 | 220606c20219999oncux m ol f0###|0fre|d |
| 040 | |aCaOODSP|bfre|erda|cCaOODSP |
| 043 | |an-cn--- |
| 086 | 1 |aYC36-0F-PDF |
| 110 | 1 |aCanada. |bParlement. |bSénat. |bComité permanent de l'audit et de la surveillance, |eauteur, |eorganisme de publication. |
| 245 | 10|aRapport / |cComité permanent de l'audit et de la surveillance. |
| 264 | 1|aOttawa : |bComité permanent de l'audit et de la surveillance, |c2021- |
| 310 | |aIrrégulier |
| 336 | |atexte|btxt|2rdacontent/fre |
| 337 | |ainformatique|bc|2rdamedia/fre |
| 338 | |aressource en ligne|bcr|2rdacarrier/fre |
| 362 | 1 |aParaît depuis: Premier rapport (le 9 décembre 2021). |
| 500 | |aPublié aussi en anglais sous le titre : Report. |
| 500 | |a«Créé en octobre 2020» -- rapport annuelle 2022. |
| 500 | |aPublié aussi en format HTML. |
| 500 | |aPortée: rapports principaux du comité sur les projets de loi et les études spéciales. |
| 546 | |aCertain rapports sont publiés bilingues anglais-français. |
| 610 | 16|aCanada. |bParlement. |bSénat|xRèglements et procédure. |
| 650 | 6|aObligation de rendre compte (Administration publique)|zCanada. |
| 650 | 6|aVérification interne|zCanada. |
| 775 | 08|tReport / |w(CaOODSP)9.911981 |
| 856 | 4 |qHTML|ss.o.|uhttps://sencanada.ca/fr/comites/AOVS/rapports |